[Event "?"]
[Site "Bundesliga"]
[Date "2006.??.??"]
[Round "2"]
[White "Kraemer, Mart"]
[Black "Siebrecht, Sebastian"]
[Result "1/2-1/2"]
[WhiteElo "2395"]
[BlackElo "2425"]

1. e4 c5 2. Nf3 e6 3. d4 cxd4 4. Nxd4 a6 5. Bd3 Bc5 6. Nb3 Be7 7. Qg4 g6 8.
Qe2 d6 9. Na3 Nc6 10. Be3 b5 11. c4 b4 12. Nc2 Nf6 13. O-O O-O 14. f4 Re8
15. Kh1 e5 16. Nd2 exf4 17. Bxf4 Ng4 18. Nf3 Bf6 19. Rab1 Bb7 20. b3 a5 21.
h3 Nge5 22. Ne3 Nxf3 23. Qxf3 Nd4 24. Qf2 Bxe4 25. Bxe4 Rxe4 26. Bh6 Rh4
27. Qxf6 Qxf6 28. Rxf6 Rxh6 29. Rxd6 Rh4 30. Rd1 Ne6 31. Nd5 Kg7 32. Rf1
Ra7 33. Nb6 Re4 34. Rf2 h5 35. Rdd2 1/2-1/2

[Event "?"]
[Site "Team Ch Israel"]
[Date "1996.??.??"]
[Round "?"]
[White "Shmuter, Leonid"]
[Black "Stepak, Yedael"]
[Result "1-0"]
[WhiteElo "2490"]
[BlackElo "2330"]

1. e4 c5 2. Nf3 e6 3. d4 cxd4 4. Nxd4 a6 5. Bd3 Bc5 6. Nb3 Bb6 7. Nc3 Nc6
8. Qe2 Nge7 9. Be3 O-O 10. O-O-O d5 11. exd5 Bxe3+ 12. Qxe3 exd5 13. Qg3 b5
14. Rhe1 Ra7 15. Qh4 g6 16. Qf6 Rd7 17. Nc5 Rd6 18. Qf4 Kg7 19. g4 f5 20.
g5 d4 21. Bf1 b4 22. N3a4 Nd5 23. Qh4 h5 24. Bc4 Nb6 25. Nxb6 Qxb6 26. Nd3
Qd8 27. Qf4 Qc7 28. Nc5 Rfd8 29. Bb3 Kh7 30. Nd3 a5 31. Ne5 Nxe5 32. Qxe5
Rc6 33. Kb1 f4 34. Qe7+ Kh8 35. Qxc7 Rxc7 36. Re4 d3 37. Rxd3 Rxd3 38. cxd3
Bf5 39. Rd4 Re7 40. Rxf4 Bxd3+ 41. Kc1 Bf5 42. Kd2 Rd7+ 43. Ke3 Rd3+ 44.
Ke2 Rh3 45. Kf1 Rxh2 46. Kg1 Rh3 47. Bc4 b3 48. axb3 Kg7 49. Kg2 Bg4 50. f3
1-0

[Event "?"]
[Site "17th Pobeskydi Hamont Cup, Frydek Miste"]
[Date "2006.??.??"]
[Round "?"]
[White "Gajsin, Evgenij"]
[Black "Zapolskis, Antanas"]
[Result "1-0"]
[WhiteElo "2450"]
[BlackElo "2370"]

1. e4 c5 2. Nf3 e6 3. d4 cxd4 4. Nxd4 Qb6 5. Nc3 Bc5 6. Na4 Qa5+ 7. c3 Bxd4
8. Qxd4 Nf6 9. Nc5 Nc6 10. Qd6 b6 11. Nb3 Nxe4 12. Qxc6 dxc6 13. Nxa5 bxa5
14. Be3 O-O 15. O-O-O e5 16. f3 Nf6 17. Rd6 Bb7 18. c4 h6 19. Be2 Rfc8 20.
Bc5 Nd5 21. g3 Ba6 22. Re1 Nc7 23. Bf1 Ne6 24. Rxe5 a4 25. Be3 Re8 26. Ra5
Bb7 27. Rxa4 c5 28. f4 Nd4 29. Bxd4 Re1+ 30. Kd2 Rxf1 31. Bxc5 Re8 32. Rxa7
Bf3 33. Kc3 Rc1+ 34. Kb4 Rc2 35. b3 Bg4 36. Rb6 Bf3 37. a4 Rxh2 38. a5 Ra2
39. a6 Re1 40. Re7 Rb1 41. a7 Kh7 42. Rxf7 Bd1 43. Bd4 Rxb3+ 44. Kc5 Rxg3
45. Rbb7 h5 46. Rxg7+ Rxg7 47. Rxg7+ Kh6 48. f5 Bf3 49. Rg6+ Kh7 50. Rg1
Kh6 51. f6 Ra5+ 52. Kb4 1-0

[Event "CUB Ch Open"]
[Site "Santa Clara CUB"]
[Date "2007.01.17"]
[Round "8"]
[White "Fernandez, Alexey"]
[Black "Alvarez Pedraza, Aramis"]
[Result "0-1"]
[WhiteElo "2372"]
[BlackElo "2445"]

1. e4 c5 2. Nf3 e6 3. d4 cxd4 4. Nxd4 a6 5. Bd3 Bc5 6. Nb3 Be7 7. Nc3 b5 8.
Qe2 Bb7 9. Bd2 Nf6 10. a3 d6 11. f4 Nc6 12. O-O Nd7 13. Nd5 exd5 14. exd5
Nce5 15. fxe5 Nxe5 16. Be4 O-O 17. Kh1 Qd7 18. Nd4 g6 19. Bh6 Rfe8 20. Rae1
Bd8 21. Qd2 Ng4 22. Ne6 Bb6 23. Qf4 Nxh6 24. Qxh6 fxe6 25. dxe6 Qxe6 26.
Bxb7 Qxe1 27. Qf4 Qe7 28. Bd5+ Kg7 29. Qd2 Rf8 30. Re1 Qf6 0-1

[Event "?"]
[Site "Lloyds Bank Open"]
[Date "1994.??.??"]
[Round "?"]
[White "Abbasi, Nasser M"]
[Black "Emms, John M"]
[Result "0-1"]
[WhiteElo "2280"]
[BlackElo "2535"]

1. e4 c5 2. Nf3 e6 3. d4 cxd4 4. Nxd4 a6 5. Bd3 Bc5 6. Nb3 Be7 7. O-O d6 8.
c4 Nf6 9. Nc3 O-O 10. Be3 Nc6 11. a3 b6 12. f4 Bb7 13. Qf3 Re8 14. Rad1 Qc7
15. g4 Bf8 16. g5 Nd7 17. Rf2 Rad8 18. Rfd2 Na5 19. Nxa5 bxa5 20. Bf2 Nb6
21. b3 g6 22. Bf1 Nd7 23. b4 axb4 24. axb4 Nb6 25. Rc2 Rc8 26. Rdc1 Nd7 27.
Nd1 Qb8 28. Be3 Qa8 29. Nf2 Rc7 30. Bg2 f5 31. gxf6 Nxf6 32. Bb6 Rf7 33. c5
dxc5 34. bxc5 Bc6 35. Re1 Nh5 36. Nd3 e5 37. f5 Rxf5 38. Qe3 Rf7 39. Nb4
Nf4 40. Bf1 Kh8 41. Bxa6 Bh6 42. Ra2 Ref8 43. Qg3 Qe8 44. Bc4 Rf6 45. Bc7
Qe7 46. Bb6 Bb7 47. Nd3 Nxd3 48. Qxd3 Rf3 49. Qd6 Qh4 50. Rae2 Qf4 51. Rg2
Rf2 52. c6 Rxg2+ 53. Kxg2 Bc8 54. Qd3 Qg5+ 55. Qg3 Qd2+ 56. Re2 Qc1 57. Rf2
Rxf2+ 58. Qxf2 Qxc4 59. Qf6+ Bg7 60. Qd8+ Qg8 61. Qd6 Qf8 62. Qd5 Bh3+ 0-1

[Event "?"]
[Site "BL2-West"]
[Date "2001.??.??"]
[Round "?"]
[White "Hendriks, Willy"]
[Black "Rotstein, Arkadij"]
[Result "1-0"]
[WhiteElo "2320"]
[BlackElo "2495"]

1. e4 c5 2. Nf3 e6 3. d4 cxd4 4. Nxd4 a6 5. Bd3 Bc5 6. Nb3 Be7 7. Nc3 d6 8.
Qg4 g6 9. Qe2 Nd7 10. O-O Qc7 11. Bd2 b6 12. Rae1 Bb7 13. f4 Bh4 14. Rd1
Bf6 15. Kh1 Ne7 16. f5 gxf5 17. exf5 e5 18. Ne4 Bxe4 19. Bxe4 d5 20. Bf3 e4
21. Bh5 Rg8 22. Bb4 Rc8 23. Qxa6 Qxc2 24. Be2 Qxb2 25. Rxd5 Nxd5 26. Qxc8+
Bd8 27. Bd2 Qxa2 28. Bb5 Nf6 29. Qc3 Nd5 30. Qe5+ Ne7 31. Qd4 Qa7 32. f6
Qb7 33. fxe7 Bxe7 34. Be3 Rg6 35. Rd1 Bd6 36. Qh8+ Ke7 1-0

[Event "?"]
[Site "5th Amplico AIG Life, Warsaw POL"]
[Date "2005.??.??"]
[Round "2"]
[White "Majdan, J"]
[Black "Stefansson, Hannes H"]
[Result "1-0"]
[WhiteElo "2230"]
[BlackElo "2585"]

1. e4 c5 2. Nf3 e6 3. d4 cxd4 4. Nxd4 a6 5. Bd3 Bc5 6. Nb3 Be7 7. c4 d6 8.
Nc3 Nf6 9. O-O O-O 10. Qe2 b6 11. f4 Bb7 12. Be3 Nc6 13. Rad1 Qc7 14. Kh1
Rfe8 15. Nd2 Rac8 16. a3 Bf8 17. Nf3 Nd7 18. b4 g6 19. Rc1 Ba8 20. Rfd1 Qb8
21. Bb1 Red8 22. Ng5 Bg7 23. Qd2 Bf8 24. Qf2 h6 25. Nf3 Ne7 26. Qe2 d5 27.
cxd5 exd5 28. e5 b5 29. Nd4 Nb6 30. Bf2 Nc4 31. Bh4 Nxa3 32. Bd3 Qb6 33.
Bf2 Qb8 34. f5 Re8 35. fxg6 Nxg6 36. Bxg6 fxg6 37. Bg3 Qb7 38. Qg4 Qh7 39.
Rf1 h5 40. Qf3 Bxb4 41. Nxd5 Rxc1 42. Rxc1 Bxd5 43. Qxd5+ Kh8 44. e6 Qh6
45. Be5+ Kh7 46. Rf1 Re7 47. Nc6 Qg5 48. Nxe7 Bxe7 49. Rf7+ Kg8 50. Rg7+
Kf8 51. Qa8+ 1-0

[Event "?"]
[Site "Ch Linkoping SWE"]
[Date "2001.??.??"]
[Round "?"]
[White "Berg, Emanuel"]
[Black "Couso, Luis"]
[Result "1-0"]
[WhiteElo "2495"]
[BlackElo "2320"]

1. e4 c5 2. Nf3 e6 3. d4 cxd4 4. Nxd4 a6 5. Bd3 Bc5 6. Nb3 Be7 7. Qg4 g6 8.
Qe2 d6 9. O-O Nd7 10. c4 Ngf6 11. Bh6 Qc7 12. Nc3 Ne5 13. f4 Nxd3 14. Qxd3
Bd7 15. Qd4 Rg8 16. Bg5 Nh5 17. Bxe7 Kxe7 18. f5 g5 19. Rad1 Rac8 20. f6+
Ke8 21. e5 dxe5 22. Qg4 Nf4 23. Rxf4 exf4 24. Ne4 Rg6 25. Qh3 h6 26. Nbc5
Bc6 27. Nd6+ Kf8 28. Nxc8 Qxc8 29. Qa3 Kg8 30. Qa5 Be8 31. Rd8 Qc6 32. Nd7
1-0

[Event "?"]
[Site "EM/CL/Q21-2 email ;Corr 2004"]
[Date "2002.??.??"]
[Round "?"]
[White "Petraitis, Gintautas"]
[Black "Sferle, Miron"]
[Result "1/2-1/2"]
[WhiteElo "2500"]
[BlackElo "2315"]

1. e4 c5 2. Nf3 e6 3. d4 cxd4 4. Nxd4 a6 5. Bd3 Bc5 6. Nb3 Be7 7. O-O d6 8.
Qg4 g6 9. Qe2 Nd7 10. f4 Qc7 11. c4 b6 12. Be3 Ngf6 13. Nc3 Bb7 14. Rad1 h5
15. h3 h4 16. Bd4 Rg8 17. e5 Nh5 18. Qf2 Ng3 19. exd6 Qxd6 20. Rfe1 Qb4 21.
Nd2 O-O-O 22. Be4 Qd6 23. Bxb7+ Kxb7 24. Nce4 Qc6 25. Nxg3 hxg3 26. Qe2 Bb4
27. a3 Bxd2 28. Rxd2 Nc5 29. Red1 Ne4 30. Rd3 Rd7 31. Be5 Rxd3 32. Qxd3
Qc5+ 33. Bd4 Qc6 34. Be3 Rc8 35. Qd7+ Rc7 36. Qxc6+ Rxc6 37. Rd7+ Rc7 38.
Rd4 f5 39. b4 b5 40. c5 Kc6 41. Kf1 a5 42. bxa5 Ra7 43. Bd2 Nxd2+ 44. Rxd2
Rxa5 45. Rd3 Ra4 46. Rxg3 Rxf4+ 47. Ke2 Re4+ 48. Kf2 Ra4 49. Rxg6 Rxa3 50.
Rxe6+ Kxc5 51. g4 fxg4 52. hxg4 b4 53. Ke2 Rg3 1/2-1/2

[Event "?"]
[Site "EM/MN/017 email ;Corr 2002"]
[Date "2000.??.??"]
[Round "?"]
[White "Shikalov, Andrei Viktorovich"]
[Black "Bergloef, Harald"]
[Result "0-1"]
[WhiteElo "2355"]
[BlackElo "2460"]

1. e4 c5 2. Nf3 e6 3. d4 cxd4 4. Nxd4 a6 5. Bd3 Bc5 6. Nb3 Be7 7. O-O Nc6
8. Be3 Nf6 9. f4 h5 10. h3 d6 11. Nc3 h4 12. Na4 Nd7 13. c4 O-O 14. a3 Rb8
15. Qh5 b5 16. cxb5 axb5 17. Bxb5 Nc5 18. Nbxc5 Rxb5 19. Qe2 Rb8 20. Nd3
Ba6 21. Rfd1 Bc4 22. Qc2 Na5 23. Nc1 Nb3 24. Rb1 d5 25. Qf2 Nxc1 26. Rbxc1
Bb3 27. Rd4 Qa5 28. Nc3 dxe4 29. Rd7 Rfe8 30. Nxe4 Qf5 31. Nc5 Bd5 32. Na6
Rbd8 33. Ra7 Bf6 34. Nc7 Rf8 35. Bc5 Bc6 36. Be3 Rd3 37. Rxc6 Qe4 38. Qf3
Qxf3 39. gxf3 Rxe3 40. Nb5 Rxf3 41. Rac7 Bxb2 42. Kg2 Rxf4 43. Rc4 Be5 0-1

[Event "?"]
[Site "26. Christmas Open Masters"]
[Date "2002.??.??"]
[Round "?"]
[White "Ciuksyte, Dagne"]
[Black "Pikula, Dejan"]
[Result "1-0"]
[WhiteElo "2330"]
[BlackElo "2485"]

1. e4 c5 2. Nf3 e6 3. d4 cxd4 4. Nxd4 a6 5. Bd3 Bc5 6. Nb3 Be7 7. c4 d6 8.
Nc3 Nf6 9. O-O O-O 10. Be3 b6 11. Qe2 Nbd7 12. Rac1 Bb7 13. f3 Rc8 14. Qf2
Qc7 15. Rfd1 Bd8 16. Bf1 Qb8 17. Kh1 Bc7 18. Qh4 Ne5 19. a4 Bd8 20. Qf2
Nxc4 21. Bxc4 Rxc4 22. Bxb6 Rb4 23. Ba7 Qa8 24. Na1 Be7 25. b3 Bc8 26. Bb6
Qb8 27. Ba7 Qa8 28. Bb6 Qb7 29. Ba5 Bd7 30. Bxb4 Qxb4 31. Qa7 Qa5 32. Na2
Qe5 33. Rc7 Rd8 34. Nb4 Qh5 35. Nc6 Bxc6 36. Rxc6 Bf8 37. Rdc1 Qe5 38. Qxa6
d5 39. Qa5 Re8 40. Re1 Qf4 41. Qc7 Qd2 42. Nc2 dxe4 43. fxe4 e5 44. Qa7 Ng4
45. Rf1 f6 46. h3 Nh6 47. Qe3 Qd7 48. Qc3 Kh8 49. Rc7 Qd8 50. a5 Bd6 51.
Rc6 Bb8 52. Ne3 Nf7 53. Rd1 Qe7 54. Nf5 Qf8 55. Rd7 Ng5 56. Nxg7 Nxe4 57.
Qf3 Ng5 58. Qxf6 Qxf6 59. Rxf6 Rg8 60. Nf5 Rc8 61. g4 e4 62. Nd6 Bxd6 63.
Rfxd6 Rc3 64. Rb6 Rc8 65. Re7 Nxh3 66. Rbb7 Ng5 67. a6 1-0

[Event "?"]
[Site "TCh-SWE Elitserien"]
[Date "2005.??.??"]
[Round "11"]
[White "Hermansson, Emil"]
[Black "Ahlander, Bjorn"]
[Result "0-1"]
[WhiteElo "2415"]
[BlackElo "2395"]

1. e4 c5 2. Nf3 e6 3. d4 cxd4 4. Nxd4 a6 5. Bd3 Bc5 6. Nb3 Be7 7. Qg4 Bf6
8. O-O Nc6 9. Nc3 d6 10. Rd1 Nge7 11. Bf1 O-O 12. Be3 Qc7 13. Rd2 Rd8 14.
Na4 b5 15. Bb6 Qb8 16. Bxd8 bxa4 17. Bxe7 Bxe7 18. e5 axb3 19. exd6 Bxd6
20. axb3 Bxh2+ 21. Kh1 Bf4 22. Rd3 e5 23. Qf3 Nd4 24. c3 Ne6 25. Qd1 Bb7
26. b4 g6 27. Rd7 Qf8 28. Kg1 Qh6 29. Bc4 Qh2+ 30. Kf1 Bxg2+ 31. Ke2 Qh5+
32. Kd3 Qf5+ 0-1

[Event "?"]
[Site "Open Bad Woerishofen GER"]
[Date "2003.??.??"]
[Round "?"]
[White "Meier, Volker"]
[Black "Levin, Felix"]
[Result "0-1"]
[WhiteElo "2290"]
[BlackElo "2520"]

1. e4 c5 2. Nf3 e6 3. d4 cxd4 4. Nxd4 a6 5. Bd3 Bc5 6. Nb3 Be7 7. c4 d6 8.
O-O Nf6 9. Nc3 b6 10. Qe2 Qc7 11. f4 Nbd7 12. Bd2 Bb7 13. Rae1 h5 14. Kh1
h4 15. f5 Ne5 16. fxe6 fxe6 17. Nd4 Kd7 18. Nd5 exd5 19. exd5 h3 20. Ne6
hxg2+ 21. Qxg2 Qc8 22. Bf5 Qxc4 23. Rc1 Bxd5 24. Nf4+ Kd8 25. Nxd5 Qxd5 26.
Qxd5 Nxd5 27. Be4 Nc7 28. Bxa8 Nxa8 29. a4 Kd7 30. b4 Nc7 31. b5 axb5 32.
axb5 Nxb5 33. Rb1 Nc7 34. Bc3 b5 35. Bd4 Bf6 36. Bb6 Ng4 37. h3 Rxh3+ 38.
Kg2 Rc3 39. Bxc7 Ne3+ 0-1

[Event "?"]
[Site "TCh-CZE Extraliga"]
[Date "2005.??.??"]
[Round "2"]
[White "Walek, Milan"]
[Black "Bernasek, Jan"]
[Result "1/2-1/2"]
[WhiteElo "2370"]
[BlackElo "2440"]

1. e4 c5 2. Nf3 e6 3. d4 cxd4 4. Nxd4 a6 5. Bd3 Bc5 6. Nb3 Be7 7. O-O d6 8.
f4 Nd7 9. Qe2 Qc7 10. Bd2 Ngf6 11. Nc3 b5 12. Rae1 Bb7 13. e5 Nd5 14. Nxd5
Bxd5 15. Qh5 g6 16. Qh6 Bf8 17. Qh3 Bg7 18. exd6 Qxd6 19. f5 O-O 20. fxg6
hxg6 21. Bh6 Rac8 22. Nd2 Nc5 23. Qh4 Nxd3 24. cxd3 Qd8 25. Qf4 Rc2 26. Rf2
Qc7 27. Qh4 Bxh6 28. Qxh6 Qc5 29. Rf1 Rxb2 30. h4 Qd4 31. Qg5 Qg7 32. Rf6
Rxa2 33. Ne4 Bxe4 34. dxe4 b4 35. R1f3 a5 36. h5 gxh5 37. Rg3 Qxg5 38.
Rxg5+ Kh7 39. e5 Rd8 40. Rxf7+ Kh6 41. Rg3 Ra3 42. Rf6+ Kh7 43. Rf7+ Kh6
44. Rf6+ 1/2-1/2

[Event "?"]
[Site "ch-USA GpB, San Diego USA"]
[Date "2006.??.??"]
[Round "8"]
[White "Ginsburg, Mark"]
[Black "Kriventsov, Stanislav G"]
[Result "1/2-1/2"]
[WhiteElo "2365"]
[BlackElo "2445"]

1. e4 c5 2. Nf3 e6 3. d4 cxd4 4. Nxd4 a6 5. Bd3 Bc5 6. Nb3 Be7 7. Qg4 g6 8.
Qe2 d6 9. O-O Nd7 10. c4 b6 11. Nc3 Qc7 12. Nd4 Bf6 13. Nf3 Bg7 14. Bf4 Ne7
15. Rac1 O-O 16. Rfd1 Bb7 17. Bb1 Ne5 18. Nxe5 dxe5 19. Be3 Rab8 20. b4
Rfd8 21. Rxd8+ Rxd8 22. b5 Nc8 23. c5 bxc5 24. bxa6 Bc6 25. Bxc5 Qa5 26.
Be3 Bf8 27. Bd3 Ba3 28. Rc2 Bb4 29. Bd2 Na7 30. h3 Rd4 31. Nb1 Bb5 32. Bxb5
Nxb5 33. Be3 Rd8 34. a4 Qxa4 35. Ra2 Qd1+ 36. Kh2 Qxe2 37. Rxe2 Nd4 38. Ra2
Ra8 39. Nd2 Bxd2 40. Bxd2 Nc6 41. h4 1/2-1/2

[Event "?"]
[Site "5th Amplico AIG Life, Warsaw POL"]
[Date "2005.??.??"]
[Round "3"]
[White "Mickiewicz, Piotr"]
[Black "Akesson, Ralf"]
[Result "0-1"]
[WhiteElo "2325"]
[BlackElo "2485"]

1. e4 c5 2. Nf3 e6 3. d4 cxd4 4. Nxd4 a6 5. Bd3 Bc5 6. Nb3 Be7 7. O-O d6 8.
Qg4 g6 9. Qe2 Nd7 10. a4 b6 11. Na3 Bb7 12. Nc4 Qc7 13. Bf4 Ngf6 14. Rfd1
O-O 15. c3 Rfd8 16. f3 Nh5 17. Be3 d5 18. exd5 Bxd5 19. a5 b5 20. Ncd2 Nf4
21. Bxf4 Qxf4 22. Be4 Nf6 23. Bxd5 Nxd5 24. Ne4 Rac8 25. Rd3 Qe5 26. Rad1
h5 27. Kh1 h4 28. Qd2 f5 29. Qh6 Nf4 0-1

[Event "?"]
[Site "Cup Nizhnij Novgorod"]
[Date "1999.??.??"]
[Round "?"]
[White "Shadrina, Tatiana"]
[Black "Kuporosov, Viktor"]
[Result "0-1"]
[WhiteElo "2325"]
[BlackElo "2485"]

1. e4 c5 2. Nf3 e6 3. d4 cxd4 4. Nxd4 a6 5. Bd3 Bc5 6. Nb3 Be7 7. O-O d6 8.
c4 Nf6 9. Nc3 Nc6 10. f4 O-O 11. Be3 b6 12. Qf3 Bb7 13. Rad1 Qc7 14. Rc1
Nd7 15. Qh5 g6 16. Qh6 Bf6 17. Nd5 exd5 18. cxd5 Nc5 19. dxc6 Nxd3 20. cxb7
Qxb7 21. Rcd1 Qxe4 22. f5 Rae8 23. Bxb6 Nxb2 24. Rxd6 Bg7 25. Qg5 h6 26.
Qc1 Nc4 27. Nd2 Nxd2 28. Qxd2 gxf5 29. Rd5 Re6 30. Bf2 Rg6 31. Bg3 Rc8 32.
Re1 Qg4 33. Be5 Re8 34. Rd4 Qg5 35. Qxg5 hxg5 36. Bxg7 Rxe1+ 37. Kf2 Re8
0-1

[Event "?"]
[Site "Hoogovens-C Open"]
[Date "1999.??.??"]
[Round "?"]
[White "Hendriks, Willy"]
[Black "Naiditsch, Arkadij"]
[Result "1-0"]
[WhiteElo "2385"]
[BlackElo "2425"]

1. e4 c5 2. Nf3 e6 3. d4 cxd4 4. Nxd4 a6 5. Bd3 Bc5 6. Nb3 Be7 7. Qg4 g6 8.
Qe2 d6 9. Nc3 Nd7 10. O-O Qc7 11. Kh1 Ngf6 12. Bh6 b5 13. Rae1 Bb7 14. f4
b4 15. Nb1 a5 16. N1d2 a4 17. Nd4 Nh5 18. f5 e5 19. Nb5 Qb8 20. Bc4 Ndf6
21. c3 b3 22. axb3 axb3 23. Na3 Bc6 24. Bxf7+ Kxf7 25. Qc4+ Bd5 26. exd5
gxf5 27. Rxf5 Kg6 28. Qh4 Qg8 29. Qg5+ Kf7 30. Qxh5+ Qg6 31. Qh3 1-0

[Event "?"]
[Site "Petrosian Mem Open ;The Week i"]
[Date "2004.??.??"]
[Round "3"]
[White "Aginian, Nelly"]
[Black "Mchedlishvili, Mikheil"]
[Result "0-1"]
[WhiteElo "2310"]
[BlackElo "2500"]

1. e4 c5 2. Nf3 e6 3. d4 cxd4 4. Nxd4 a6 5. Bd3 Bc5 6. Nb3 Be7 7. O-O d6 8.
c4 Nf6 9. Nc3 Qc7 10. Be3 b6 11. Rc1 Bb7 12. f3 Nbd7 13. Qd2 Ne5 14. Be2
O-O 15. Na4 Nfd7 16. Nd4 Rac8 17. b4 Qb8 18. a3 Ba8 19. Rfd1 Rc7 20. Qe1
Rfc8 21. Nb2 Ng6 22. Qf2 Bh4 23. g3 Be7 24. Nb3 Nge5 25. Nd4 Bf6 26. Qf1 h5
27. Qh3 b5 28. Qxh5 bxc4 29. f4 c3 30. fxe5 cxb2 31. Rxc7 Qxc7 32. exf6
Nxf6 33. Qa5 Qxa5 34. bxa5 Bxe4 35. Bxa6 Rc3 36. Be2 Rxe3 37. a6 Rxa3 38.
Kf2 b1=Q 39. Rxb1 Bxb1 0-1

[Event "?"]
[Site "Open A, Pardubice CZE"]
[Date "2005.??.??"]
[Round "5"]
[White "Paveliev, A"]
[Black "Kalod, Radek"]
[Result "1-0"]
[WhiteElo "2315"]
[BlackElo "2490"]

1. e4 c5 2. Nf3 e6 3. d4 cxd4 4. Nxd4 a6 5. Bd3 Bc5 6. Nb3 Be7 7. Be3 d6 8.
a4 b6 9. N1d2 Nc6 10. Nc4 Rb8 11. a5 bxa5 12. Nbxa5 Nxa5 13. Nxa5 Qc7 14.
O-O Nf6 15. Qe2 O-O 16. c4 Nd7 17. Rfb1 Bf6 18. Ra3 Nc5 19. b4 Nxd3 20.
Qxd3 Bd7 21. b5 axb5 22. cxb5 d5 23. exd5 exd5 24. g3 d4 25. Bf4 Qc5 26.
Bxb8 Rxb8 27. Nc6 Re8 28. Qf3 h5 29. Ra7 Be6 30. Qe2 d3 31. Qxd3 Bf5 32.
Qb3 Bxb1 33. Qxf7+ Kh7 34. Qxe8 Qxb5 35. Ra5 Bg6 36. Qxg6+ Kxg6 37. Rxb5
1-0

[Event "?"]
[Site "Ch sf1 La Plata"]
[Date "1992.??.??"]
[Round "?"]
[White "Vidal, Jose Raul"]
[Black "Cid, Marino Alejandro"]
[Result "0-1"]
[WhiteElo "2380"]
[BlackElo "2425"]

1. e4 c5 2. Nf3 e6 3. d4 cxd4 4. Nxd4 a6 5. Nc3 Bc5 6. Nb3 Ba7 7. Bf4 Nc6
8. Be2 e5 9. Be3 Nf6 10. Qd2 b5 11. a3 d6 12. Rd1 Bb8 13. O-O O-O 14. Bg5
Be6 15. Kh1 h6 16. Bxh6 gxh6 17. Qxh6 Nh7 18. f4 exf4 19. Rxf4 Ng5 20. Nd5
Bxd5 21. Rxd5 Ne5 22. Rg4 f6 23. Rxe5 dxe5 24. h4 Kf7 25. hxg5 Rh8 0-1

[Event "?"]
[Site "WYCC"]
[Date "2003.??.??"]
[Round "?"]
[White "Alcazar Jimenez, Victor"]
[Black "Pixton, Aaron"]
[Result "0-1"]
[WhiteElo "2360"]
[BlackElo "2445"]

1. e4 c5 2. Nf3 e6 3. d4 cxd4 4. Nxd4 a6 5. Bd3 Bc5 6. Nb3 Be7 7. O-O d6 8.
f4 Nd7 9. Nc3 Ngf6 10. Qe2 Qc7 11. Bd2 b5 12. a3 Bb7 13. Rae1 h5 14. Kh1 h4
15. Kg1 e5 16. f5 d5 17. exd5 h3 18. g3 Bd6 19. Bxb5 axb5 20. Nxb5 Qb8 21.
c4 Ba6 22. a4 O-O 23. Rc1 Rc8 24. Be3 e4 25. N3d4 Ne5 26. Bf4 Bxb5 27. Nxb5
Nf3+ 28. Kh1 Bxf4 29. gxf4 Qxf4 30. b3 Nxd5 31. Rce1 Ne3 32. Rxf3 exf3 0-1

[Event "?"]
[Site "17th Jozef Kochan Mem, Koszalin POL"]
[Date "2006.??.??"]
[Round "5"]
[White "Jakubiec, Artur"]
[Black "Grycel, Kamil"]
[Result "1-0"]
[WhiteElo "2490"]
[BlackElo "2315"]

1. e4 c5 2. Nf3 e6 3. d4 cxd4 4. Nxd4 a6 5. Bd3 Bc5 6. Nb3 Be7 7. Qg4 g6 8.
Qe2 d6 9. O-O Nd7 10. a4 b6 11. Nc3 Bb7 12. Be3 Qc7 13. Kh1 Nc5 14. Nxc5
bxc5 15. Bd2 Nf6 16. Rae1 O-O 17. f4 c4 18. Bxc4 Nxe4 19. Nxe4 d5 20. f5
Qxc4 21. Qxc4 dxc4 22. f6 Bd8 23. Bb4 Bc7 24. Bxf8 Kxf8 25. Nc5 Bd5 26. b4
cxb3 27. cxb3 a5 28. Rc1 Bd6 29. Nd7+ Ke8 30. Nb6 Rb8 31. Nxd5 exd5 32.
Rcd1 Kd7 33. Rxd5 Rxb3 34. Rxa5 Ke6 35. Ra8 g5 36. a5 Ra3 37. Ra6 Rd3 38.
Rb6 Kd5 39. Rb5+ 1-0

[Event "?"]
[Site "Team Ch Ramat Aviv ISR"]
[Date "2000.??.??"]
[Round "?"]
[White "Stisis, Yaacov"]
[Black "Botvinnik, Ilia"]
[Result "1/2-1/2"]
[WhiteElo "2400"]
[BlackElo "2405"]

1. e4 c5 2. Nf3 e6 3. d4 cxd4 4. Nxd4 a6 5. Bd3 Bc5 6. Nb3 Be7 7. c4 d6 8.
O-O Nf6 9. Nc3 b6 10. f4 Nbd7 11. Qe2 Bb7 12. Rd1 Qc7 13. Be3 O-O 14. Rac1
Nc5 15. Nxc5 bxc5 16. Bf2 Nd7 17. e5 dxe5 18. Bxh7+ Kxh7 19. Qd3+ e4 20.
Qxd7 Rac8 21. Rc2 Bc6 22. Qxc7 Rxc7 23. Be3 Rb7 24. b3 a5 25. Nb5 a4 26.
bxa4 Ra8 27. Rdd2 Rxa4 28. Nd6 Rd7 29. Nxf7 Rxd2 30. Bxd2 Bf6 31. Ne5 Bxe5
32. fxe5 Bb7 33. Be3 Ba6 34. Bxc5 Bxc4 35. a3 Bd3 36. Rc3 Ra5 37. Kf2 Rb5
38. g4 g5 39. Kg3 Kg6 40. h4 gxh4+ 41. Kxh4 Rb2 42. Kg3 Rc2 43. Rxc2 Bxc2
44. Kf4 Kh6 45. Be7 Kg6 46. Bh4 Kh6 47. Ke3 Kg6 48. Kd2 Ba4 49. Bd8 Kh6 50.
Be7 Kg6 51. Bh4 Kh6 52. Bd8 Kg6 53. Ke3 Bd1 54. g5 Kf5 55. Kd4 Ba4 56. Kc5
e3 57. Kd6 Bb3 58. Bb6 e2 59. Bf2 Kxg5 60. a4 1/2-1/2

[Event "?"]
[Site "Navalmoral de la Mata Open 6th"]
[Date "2000.??.??"]
[Round "?"]
[White "Rivera Kuzawka, Daniel"]
[Black "Vehi Bach, Victor M"]
[Result "1-0"]
[WhiteElo "2355"]
[BlackElo "2450"]

1. e4 c5 2. Nf3 e6 3. d4 cxd4 4. Nxd4 a6 5. Bd3 Bc5 6. Nb3 Be7 7. O-O d6 8.
c4 Nf6 9. Qe2 Nbd7 10. f4 b6 11. Nc3 Bb7 12. Bd2 O-O 13. Rae1 Rc8 14. Kh1
g6 15. Nd4 e5 16. Nf3 exf4 17. Bxf4 Re8 18. Qd2 Nc5 19. Nd5 Nxd5 20. exd5
Qc7 21. Bb1 Bf6 22. b3 Nd7 23. Ng5 Rxe1 24. Qxe1 b5 25. Qh4 Nf8 26. Bd3
bxc4 27. Bxc4 Rd8 28. Qg3 Bc8 29. Ne4 Be7 30. Bg5 f5 31. Nf6+ Kf7 32. Ne4
Kg8 33. Qh4 Bxg5 34. Nxg5 Re8 35. Re1 Qd8 36. Rxe8 Qxe8 37. a3 Qe7 38. Qg3
Kg7 39. h3 a5 40. h4 Qe5 41. Qf2 Qa1+ 42. Kh2 Qe5+ 43. Kg1 h6 44. Qa7+ Bd7
45. Ne6+ Kg8 46. Nxf8 Qe1+ 47. Bf1 Bb5 48. Ne6 Qxf1+ 49. Kh2 Qa1 50. Qb8+
Kh7 51. Qc7+ Kg8 52. Qd8+ Kh7 53. Qe7+ Kg8 54. Qxd6 Kh7 55. Nf8+ Kg7 56.
Qe7+ Kg8 57. Nxg6 Qg7 58. Qd8+ 1-0

[Event "?"]
[Site "36th Olympiad w ;The Week in C"]
[Date "2004.??.??"]
[Round "2"]
[White "Fierro Baquero, Martha L"]
[Black "Cramling, Pia"]
[Result "0-1"]
[WhiteElo "2330"]
[BlackElo "2475"]

1. e4 c5 2. Nf3 e6 3. d4 cxd4 4. Nxd4 a6 5. Bd3 Bc5 6. Nb3 Be7 7. Qe2 d6 8.
Nc3 Nf6 9. Be3 b5 10. O-O-O Qc7 11. f4 Bb7 12. Rhe1 b4 13. Nb1 Nxe4 14. Qg4
h5 15. Qh3 Nd7 16. g4 Ndf6 17. g5 Ng4 18. g6 f5 19. Nd4 Qd7 20. Nd2 d5 21.
N2f3 Bf6 22. Qf1 Rh6 23. Qg1 Rc8 24. Kb1 Kf8 25. h3 Nxe3 26. Qxe3 Rxg6 27.
Rg1 Rxg1 28. Rxg1 Kg8 29. Ne5 Bxe5 30. fxe5 Qf7 31. Qe2 Ra8 32. Nf3 Qf8 33.
Qg2 Qe7 34. Qg6 Qf7 35. Qg2 Re8 36. Nd4 Re7 37. Qe2 f4 38. Nf3 a5 0-1

[Event "?"]
[Site "Open ch-NOR, Oslo NOR"]
[Date "2004.??.??"]
[Round "7"]
[White "Lie, Kjetil A"]
[Black "Lemmers, Oscar"]
[Result "0-1"]
[WhiteElo "2430"]
[BlackElo "2375"]

1. e4 c5 2. Nf3 e6 3. d4 cxd4 4. Nxd4 a6 5. Bd3 Bc5 6. Nb3 Be7 7. Be3 d6 8.
N1d2 Nd7 9. f4 b6 10. Qe2 Bb7 11. O-O-O h5 12. e5 dxe5 13. f5 exf5 14. Bxf5
Ngf6 15. Nc4 Qc7 16. Bg5 Bd5 17. Rxd5 Nxd5 18. Bxe7 Nxe7 19. Bxd7+ Kxd7 20.
Nxe5+ Kc8 21. Rf1 f6 22. Nf7 Rf8 23. Rd1 Kb8 24. Qe6 Ra7 25. Nd4 Ka8 26.
Nd6 f5 27. N4xf5 Nxf5 28. Qe4+ Rb7 29. Nxf5 Rd8 30. Nd4 Qc4 31. Rd3 Rf8 32.
b3 Qb4 33. Rf3 Qd6 34. Rxf8+ Qxf8 35. Kb2 Qe7 36. Qd3 b5 37. a4 Qe5 38.
axb5 axb5 39. c3 Qd5 40. Qe2 Ka7 41. Qf2 Ka6 42. Nc2 Rf7 43. Nb4+ Kb7 44.
Qe2 Qf5 45. Nc2 Kb6 46. Qe8 Qd5 47. Qe3+ Kb7 48. Nb4 Qxg2+ 49. Ka3 Qh1 50.
Nd3 Qc6 51. Nb4 Qh1 52. Nd3 Qc6 53. Qe5 Rc7 54. Kb4 g5 55. Qd4 g4 56. Ne5
Qb6 57. Qd5+ Ka7 58. Nd7 Qc6 59. Qd4+ Kb7 60. Ne5 Qe6 61. Nd3 Qe7+ 62. Kxb5
Qd7+ 63. Qxd7 Rxd7 64. Nc5+ Kc8 65. Kc6 Rc7+ 66. Kd5 Rxc5+ 67. Kxc5 h4 68.
Kd4 g3 69. hxg3 h3 0-1

[Event "?"]
[Site "Lvov UKR"]
[Date "1997.??.??"]
[Round "?"]
[White "Mikhaletz, Lubomir"]
[Black "Koziak, Vitali"]
[Result "1/2-1/2"]
[WhiteElo "2390"]
[BlackElo "2415"]

1. e4 c5 2. Nf3 e6 3. d4 cxd4 4. Nxd4 Qb6 5. Nc3 Bc5 6. Na4 Qa5+ 7. c3 Bxd4
8. Qxd4 Nf6 9. Nc5 Nc6 10. Qe3 O-O 11. Nb3 Qc7 12. Be2 d5 13. exd5 exd5 14.
Qg3 Qxg3 15. hxg3 Re8 16. f3 Bf5 17. Kf2 Ne5 18. Rd1 Bc2 19. Rd4 h6 20. Bf4
Rac8 21. Rc1 Bg6 22. Bxe5 Rxe5 23. Rd2 Bf5 24. Nd4 Bd7 25. Bd3 g6 26. Re1
Rxe1 27. Kxe1 Ne8 28. Kf2 Nd6 29. Re2 Nc4 30. Bxc4 dxc4 31. Re7 Rd8 32. Re5
Rc8 33. Rd5 Rc7 34. Ke3 Kg7 35. Rd6 Kf8 36. g4 Ke7 37. Rd5 Kf6 38. Kf4 b6
39. g5+ hxg5+ 40. Rxg5 Ke7 41. Re5+ Kd6 42. g4 f6 43. Re2 Rc5 44. Kg3 Re5
45. Rd2 a5 1/2-1/2